000 00531nam a2200193Ia 4500
003 OSt
005 20260209102828.0
008 250729s2007 xx 000 0 und d
040 _cAL
041 _akan
082 _a494.507 OBAB
100 _aಓಬಳೇಶಘಟ್ಟಿ ಆರ್
_9228635
245 _aಭಾಷೆ ಮತ್ತು ಕನ್ನಡ ಭಾಷಾ ಬೋಧನೆ
260 _aಗದಗ
_c2007
300 _a755p
650 _aKannada
_9228636
700 _aಓಬo Digumurthi
_9228637
942 _2ddc
_cBED
999 _c238063
_d238063